000 00992nam a22002537a 4500
001 76310
003 BD-RjUL
005 20220130114713.0
008 191121s2019 bg ||||| |||| 00| 0 ben d
020 _a 9847012002605
035 _a(BD-RjUL)76310
040 _aBD-RjUL
_beng
_cBD-RjUL
041 _aben
082 _223
_a954.9205092
_bBAN 2019
245 0 0 _aবঙ্গবন্ধু ও স্বাধীনতার ৪০ বছর /
_cসম্পাদনা আহমেদ ফিরোজ
260 _aঢাকা :
_bকথাপ্রকাশ,
_c২০১৯
300 _a২০৬ পৃ.;
_c২৩ সেমি.
600 _aমুজিবুর রহমান, শেখ,
_d১৯২০-১৯৭৫
_xজীবনী
_9502
600 _aMujibur Rahman, Sheikh,
_d1920-1975
_xBiography
_9501
651 _aবাংলাদেশ
_xইতিহাস
_9968
651 _aBangladesh
_xHistory
700 _aফিরোজ, আহমেদ
_9452
942 _2ddc
_cBK
999 _c76310
_d76310